000 01082cad a22002175a 4500
001 E150613
008 100803s2010 xxk f s000 0 eng d
020 _a9780755995363
035 _a(Sirsi) u150613
041 0 _aeng
110 1 _aScotland
_bScottish Government
_95344
245 0 0 _aSafeguarding tenancy deposits
_bThe Tenancy Deposit Schemes (Scotland) Regulations 2010, draft for consultation, August 2010
_h[electronic resource]
260 _aEdinburgh
_bScottish Government
_c2010
520 _aSeeks views on draft regulations which set out the conditions that national schemes to safeguard tenancy deposits must meet before they can be approved by Scottish Ministers. Also invites other ideas for tackling the problems encountered by tenants with their deposits.
521 _aAdvanced
590 _aKA
651 4 _aScotland
_y1999-
690 _aPROPERTY-RESIDENTIAL PROPERTY-RESIDENTIAL LANDLORD AND TENANT-RESIDENTIAL TENANCIES
856 4 0 _uhttps://www.scotland.gov.uk/Publications/2010/07/29155626/0
_zView the consultation at www.scotland.gov.uk
942 _n0
999 _c110922
_d110922